[Event "It (open)"]
[Site "masterchessopen.com Cappelle la Grande (France)"]
[Date "2006.02.20"]
[Round "4"]
[White "Popov Valerij (RUS)"]
[Black "Sulskis Sarunas (LTU)"]
[Result "0-1"]
[WhiteElo "2591"]
[BlackElo "2518"]

1.d4 Nf6 2.c4 e6 3.Nc3 Bb4 4.Qc2 c5 5.dxc5 O-O 6.a3 Bxc5 7.Nf3 b6 8.Bf4 Bb7
9.Rd1 d5 10.cxd5 Nxd5 11.e4 { ?! } ( 11.Nxd5 { !? } 11...exd5 12.e3 Bd6
13.Bxd6 { } ) 11...Nxf4 { ?! } ( 11...Qf6 { !? } 12.exd5 Qxf4 13.Bd3 Qh6 { } )
12.Rxd8 Rxd8 13.g3 Ng6 14.Bg2 Ba6 15.Qa4 Bb7 16.O-O Nc6 17.Rd1 Rxd1+ 18.Qxd1
Rd8 19.Qc2 Nge5 { ?! } ( 19...Bd6 { !? } 20.Ne2 Nge5 21.Nxe5 Bxe5 { } )
20.Nxe5 Nxe5 21.b4 Bf8 22.h3 { ?! } ( 22.f4 { !? } 22...Nc6 23.e5 a5 24.bxa5 {
} ) 22...a5 { ?! } ( 22...Rc8 { !? } 23.Kh2 Be7 { } ) 23.bxa5 bxa5 24.Nb5 Ba6
25.a4 Rc8 26.Qd2 Bxb5 27.axb5 a4 28.f4 Nc4 29.Qa2 { ? } ( { ? } 29.Qc3 a3
30.e5 Rc7 31.Qb3 { } ) 29...a3 30.e5 Ne3 31.Bc6 Bc5 32.Kf2 Rd8 33.Kf3 Nf1 { ?!
} ( 33...Rd3 { !? } 34.Ke2 Rc3 35.Be4 Nc4 { } ) 34.b6 { ?? } ( 34.Qc2 a2
35.Qxa2 Rd3+ 36.Ke2 { } ) 34...Rd3+ { } {#R} 0-1

[Event "Ch Austria (juniors) (under 16)"]
[Site "masterchessopen.com Tschagguns (Austria)"]
[Date "2006.04.10"]
[Round "3"]
[White "Woesner Richard (AUT)"]
[Black "Poetz Florian (AUT)"]
[Result "0-1"]
[WhiteElo "1986"]
[BlackElo "2091"]

1.d4 Nf6 2.c4 e6 3.Nc3 Bb4 4.Qc2 c5 5.dxc5 O-O 6.a3 Bxc5 7.Bg5 Bxf2+ 8.Kxf2
Ng4+ 9.Ke1 Qxg5 10.Nf3 Qe3 11.Nd1 Qf4 12.Qc3 Nc6 13.e3 Qc7 14.h3 Qg3+ 15.Ke2
Nf6 16.h4 d5 17.Nf2 e5 18.Rd1 d4 19.Qb3 Be6 20.exd4 exd4 21.Rd3 Rfe8 22.Kd1
Qxf2 23.Qxb7 Bg4 24.Rd2 Bxf3+ 25.Kc2 d3+ 26.Bxd3 Nd4+ 27.Kb1 Qxd2 28.Qc7 Qxd3+
29.Ka1 Nc2+ 30.Ka2 Rac8 31.Qa5 Qxc4+ 32.b3 Qe2 33.gxf3 Nb4+ 34.Kb1 Qa2# 0-1

[Event "Cup Arcimpex (cat.3)"]
[Site "masterchessopen.com Frydek-Mistek (Czech Republic)"]
[Date "2006.04.16"]
[Round "8"]
[White "Plischki Sebastian (GER)"]
[Black "Wiley Tom E (ENG)"]
[Result "0-1"]
[WhiteElo "2389"]
[BlackElo "2335"]

1.d4 Nf6 2.c4 e6 3.Nc3 Bb4 4.Qc2 c5 5.dxc5 O-O 6.a3 Bxc5 7.Nf3 Be7 8.Bf4 Nh5
9.Bd2 a6 10.g4 Nf6 11.g5 Nh5 12.h4 Nc6 13.e3 d5 14.O-O-O dxc4 15.Bxc4 b5
16.Be2 b4 17.Na4 Bd7 18.axb4 Bxb4 19.Bxb4 Nxb4 20.Qb3 Rb8 21.Kb1 Nd5 22.Qc2
Bxa4 {#R} 0-1

[Event "Ch Ukraine (1/2 final)"]
[Site "masterchessopen.com Alushta (Ukraine)"]
[Date "2006.05.19"]
[Round "7"]
[White "Zubov Alexander (UKR)"]
[Black "Boginin Oleg (UKR)"]
[Result "1-0"]
[WhiteElo "2537"]
[BlackElo "2352"]

1.d4 Nf6 2.c4 e6 3.Nc3 Bb4 4.Qc2 c5 5.dxc5 O-O 6.Nf3 Na6 7.Bd2 Nxc5 8.a3 Bxc3
9.Bxc3 b6 10.Ng5 e5 11.Bxe5 Re8 12.Bd4 d5 13.e3 g6 14.Be2 Bf5 15.Qd1 Ng4
16.Nf3 dxc4 17.h3 Nxf2 18.Kxf2 Ne4+ 19.Kg1 Qc7 20.Qe1 Ng3 21.Bf1 Rac8 22.Be5
Rxe5 23.Qxg3 Rxe3 24.Qxc7 Rxc7 25.Nd4 Bd3 26.Kf2 Re4 27.Nf3 Rce7 28.Bxd3 cxd3
29.Rhe1 f5 30.Rxe4 fxe4 31.Re1 Rc7 32.Nd4 Rf7+ 33.Ke3 {#r} 1-0

[Event "Ch Sweden"]
[Site "masterchessopen.com Gothenburg (Sweden)"]
[Date "2006.07.11"]
[Round "10"]
[White "Eriksson Johan (SWE)"]
[Black "Hellsten Johan (SWE)"]
[Result "0-1"]
[WhiteElo "2412"]
[BlackElo "2592"]

1.d4 Nf6 2.c4 e6 3.Nc3 Bb4 4.Qc2 c5 5.dxc5 O-O 6.a3 Bxc5 7.Nf3 b6 8.Bf4 Bb7
9.O-O-O Nc6 10.e3 Rc8 11.Bd3 Be7 12.e4 Na5 13.e5 Nh5 14.Bxh7+ Kh8 15.Be3 g6
16.Bxg6 fxg6 17.Qxg6 Qe8 18.Qh6+ Kg8 19.Bg5 Rf5 20.Bxe7 Qxe7 21.g4 Rxf3
22.gxh5 Rxc3+ 23.Kb1 Be4+ 24.Ka2 Qxa3+ 25.bxa3 Rc2+ 26.Kb1 Rd2+ 27.Ka1 Nb3#
0-1

[Event "It (open)"]
[Site "masterchessopen.com Figueres (Spain)"]
[Date "2006.08.14"]
[Round "8"]
[White "Czakon Jakub (POL)"]
[Black "Szoen Dariusz (POL)"]
[Result "0-1"]
[WhiteElo "2486"]
[BlackElo "2437"]

1.d4 Nf6 2.c4 e6 3.Nc3 Bb4 4.Qc2 c5 5.dxc5 O-O 6.a3 Bxc5 7.Nf3 b6 8.Bf4 Bb7
9.Rd1 a6 10.e4 h6 11.Bd3 Nh5 12.Bg3 Nc6 13.O-O Nxg3 14.hxg3 Qc7 15.Kh2 Rac8
16.Rd2 Rfd8 17.Rfd1 Ne5 18.Nxe5 Qxe5 19.Bf1 Bc6 20.Rd3 b5 21.cxb5 axb5 22.b4
Bb6 23.Nxb5 Bxe4 24.Qb3 Qh5+ 25.Kg1 {#R} 0-1

[Event "Zt"]
[Site "masterchessopen.com Toronto (Canada)"]
[Date "2006.08.20"]
[Round "3"]
[White "Dougherty Michael (CAN)"]
[Black "Mikanovic Goran (CAN)"]
[Result "0-1"]
[WhiteElo "2197"]
[BlackElo "2284"]

1.d4 Nf6 2.c4 e6 3.Nc3 Bb4 4.Qc2 c5 5.dxc5 O-O 6.Nf3 Na6 7.a3 Bxc3+ 8.Qxc3
Nxc5 9.b4 Nce4 10.Qc2 a5 11.Rb1 axb4 12.axb4 d5 13.Bf4 Ng4 14.Bg3 e5 15.e3 Bf5
16.Bd3 Ra3 17.Bxe4 Bxe4 18.Qb2 Bxb1 19.Qxa3 dxc4 20.h3 Nh6 21.Bxe5 Bd3 22.Bb2
Nf5 23.Ne5 Qd5 24.Rg1 f6 25.Nxd3 cxd3 26.Qc3 Rd8 27.g4 Nh4 {#R} 0-1

[Event "It (open) \"]
[Site "masterchessopen.com Nuernberg (Germany)"]
[Date "2006.09.10"]
[Round "6"]
[White "Levin Felix (GER)"]
[Black "Schneider David (GER)"]
[Result "1-0"]
[WhiteElo "2513"]
[BlackElo "2188"]

1.d4 Nf6 2.c4 e6 3.Nc3 Bb4 4.Qc2 c5 5.dxc5 O-O 6.a3 Bxc5 7.Nf3 b6 8.Bf4 Bb7
9.Rd1 Nh5 10.Ng5 g6 11.Bc1 Be7 12.Nf3 f5 13.Bh6 Re8 14.e3 Na6 15.Be2 Nf6
16.Nd4 Qb8 17.O-O Nc5 18.h3 Nfe4 19.Nxe4 Nxe4 20.Bf4 e5 21.Bh2 d6 22.Nb3 Qc7
23.f3 Nc5 24.Nc1 Rad8 25.Na2 Bg5 26.Qc1 Ne6 27.Rfe1 d5 28.Qc3 d4 29.exd4 Nxd4
30.Bf1 Bf4 31.Nb4 {#r} 1-0

[Event "Ch Romania"]
[Site "masterchessopen.com Amara (Romania)"]
[Date "2007.02.18"]
[Round "4"]
[White "Grigore George-Gabriel (ROM)"]
[Black "Filip Lucian (ROM)"]
[Result "1-0"]
[WhiteElo "2538"]
[BlackElo "2432"]

1.d4 Nf6 2.c4 e6 3.Nc3 Bb4 4.Qc2 c5 5.dxc5 O-O 6.Bf4 Na6 7.Bd6 Re8 8.e4 Qa5
9.e5 Bxc3+ 10.bxc3 Ne4 11.Bd3 Nxd6 12.Bxh7+ Kh8 13.cxd6 Qxe5+ 14.Ne2 g6
15.Bxg6 fxg6 16.Qxg6 Rf8 17.Rd1 Qg7 18.Qh5+ Qh7 19.Qe5+ Qg7 20.Qe3 Rf6 21.Rd4
Rh6 22.Ng3 Nc5 23.Rg4 Qxg4 24.Qxh6+ Kg8 25.O-O b6 26.Re1 Qg7 27.Qh5 Qf7 28.Qh4
Qg7 29.Nf5 Qxc3 30.Qg5+ Kh8 31.Qh6+ Kg8 32.Ne7+ {#r} 1-0

[Event "Ch Netherlands (team) 2006/07"]
[Site "masterchessopen.com Netherlands"]
[Date "2007.04.21"]
[Round "8"]
[White "Damsma Redmar (NED)"]
[Black "Vogel Jaap (NED)"]
[Result "1-0"]
[WhiteElo "2091"]
[BlackElo "2218"]

1.d4 e6 2.c4 Nf6 3.Nc3 Bb4 4.Qc2 c5 5.dxc5 O-O 6.a3 Bxc5 7.Nf3 d5 8.Bg5 dxc4
9.e3 h6 10.Bh4 Nbd7 11.Bxc4 a6 12.Rd1 Be7 13.Ba2 Qa5 14.Bb1 Re8 15.Nd4 Nf8
16.O-O Bd7 17.Qe2 Rac8 18.Qf3 Qb6 19.Rd2 Bc6 20.Nxc6 Rxc6 21.h3 Rc4 22.e4 Ng6
23.Bg3 Qa5 24.e5 Nxe5 25.Qe2 Rxc3 26.bxc3 Nc4 27.Qxc4 {#r} 1-0

[Event "It (open)"]
[Site "masterchessopen.com Uzhgorod (Ukraine)"]
[Date "2007.05.26"]
[Round "5"]
[White "Yushko Olga (UKR)"]
[Black "Borsos Bogdan (UKR)"]
[Result "0-1"]
[WhiteElo "2096"]
[BlackElo "2338"]

1.d4 Nf6 2.c4 e6 3.Nc3 Bb4 4.Qc2 c5 5.dxc5 O-O 6.Bg5 Bxc5 7.Nf3 Nc6 8.e3 b6
9.a3 Bb7 10.Bd3 h6 11.Bxf6 Qxf6 12.Ne4 Qd8 13.O-O Qc7 14.Rfd1 Ne5 15.Nxe5 Qxe5
16.Nxc5 bxc5 17.Bh7+ Kh8 18.Rxd7 Bc6 19.Rd2 f5 20.Bg6 Qf6 21.Bh5 Qg5 22.g4 Be4
23.f4 Qh4 24.Qc3 fxg4 25.Qe5 Bf3 26.Bg6 Rad8 27.Rc2 g3 28.f5 Be4 29.Re2 gxh2+
30.Qxh2 Qg5+ 31.Kf2 Qxg6 {#R} 0-1

[Event "It (open) \"]
[Site "masterchessopen.com St. Petersburg (Russia)"]
[Date "2007.07.01"]
[Round "7"]
[White "Mironovich Mark (RUS)"]
[Black "Ermolov Vasily (RUS)"]
[Result "1-0"]
[WhiteElo "1928"]
[BlackElo "2045"]

1.d4 Nf6 2.c4 e6 3.Nc3 Bb4 4.Qc2 c5 5.dxc5 O-O 6.Nf3 Bxc5 7.g3 Nc6 8.Bg2 d5
9.cxd5 Nb4 10.Qb3 Nbxd5 11.O-O Nxc3 12.Qxc3 Qb6 13.Qc2 Re8 14.b3 e5 15.e4 Bd7
16.Bb2 Rac8 17.Nxe5 Ba3 18.Qd2 Bb5 19.Bd4 Qa6 20.Rfd1 Rcd8 21.Qe3 Qe6 22.Nc4
Bxc4 23.bxc4 Bf8 24.e5 Qxc4 25.Qc3 Qa4 {#r} 1-0

[Event "It (open)"]
[Site "masterchessopen.com Plunge (Lithuania)"]
[Date "2007.07.18"]
[Round "4"]
[White "Sakalauskas Vaidas (LTU)"]
[Black "Macenis Audrius (LTU)"]
[Result "1-0"]
[WhiteElo "2402"]
[BlackElo "2091"]

1.d4 Nf6 2.c4 e6 3.Nc3 Bb4 4.Qc2 c5 5.dxc5 O-O 6.Bg5 h6 7.Bh4 Nc6 8.Nf3 Qa5
9.Bxf6 gxf6 10.Rc1 Bxc5 11.a3 Be7 12.e4 d6 13.Be2 Bd7 14.O-O Ne5 15.Nd2 a6
16.f4 Nc6 17.Nf3 Qb6+ 18.Kh1 Qe3 19.f5 Nd4 20.Nxd4 Qxd4 21.Rcd1 Qe5 22.Nd5 Bd8
23.Ne3 Bc6 24.Bd3 h5 25.Qe2 Bb6 26.Ng4 {#r} 1-0

[Event "Memorial E.Geller (open)"]
[Site "masterchessopen.com Odessa (Ukraine)"]
[Date "2007.09.16"]
[Round "9"]
[White "Borsuk Konstantin (UKR)"]
[Black "Lushenkov Mikhail (RUS)"]
[Result "0-1"]
[WhiteElo "2288"]
[BlackElo "2460"]

1.d4 Nf6 2.c4 e6 3.Nc3 Bb4 4.Qc2 c5 5.dxc5 O-O 6.a3 Bxc5 7.Nf3 b6 8.Bg5 Bb7
9.e3 Be7 10.Bd3 h6 11.h4 d6 12.Bxf6 Bxf6 13.Ne4 Qe7 14.g4 d5 15.cxd5 exd5
16.Ng3 d4 17.e4 g6 18.g5 hxg5 19.hxg5 Bg7 20.Qd2 Qd6 21.O-O-O Nd7 22.Kb1 Nc5
23.Rh4 Rfc8 24.e5 Qd5 25.Be4 Nxe4 26.Nxe4 Qxe4+ 27.Rxe4 Bxe4+ 28.Ka1 Bxf3
29.Re1 Rc4 30.b3 Rc5 31.Qxd4 Re8 32.Qd3 Rexe5 33.Rxe5 Bxe5+ 34.Ka2 Rc1 {#R}
0-1

[Event "It (open)"]
[Site "masterchessopen.com Munich (Germany)"]
[Date "2007.10.05"]
[Round "7"]
[White "Marcelin Cyril (FRA)"]
[Black "Von Wantoch-Rekowski Danijela (SRB)"]
[Result "1-0"]
[WhiteElo "2506"]
[BlackElo "2242"]

1.d4 Nf6 2.c4 e6 3.Nc3 Bb4 4.Qc2 c5 5.dxc5 O-O 6.Nf3 Bxc5 7.Bg5 Nc6 8.Rd1 b6
9.e4 h6 10.Bh4 Be7 11.Bg3 Nh5 12.Ne5 Nb4 13.Qd2 Nxg3 14.hxg3 Qc7 15.Ng4 Bg5
16.f4 Be7 17.a3 Na6 18.b4 Nb8 19.Bd3 a5 20.Qe2 f5 21.exf5 Bf6 22.Ne4 {#r} 1-0

[Event "Tournament \"]
[Site "masterchessopen.com Nea Filadelfeia (Greece)"]
[Date "2007.11.01"]
[Round "6"]
[White "Koliopoulos Konstantinos (GRE)"]
[Black "Skalkotas Nikolaos (GRE)"]
[Result "1-0"]
[WhiteElo "2203"]
[BlackElo "2275"]

1.d4 Nf6 2.c4 e6 3.Nc3 Bb4 4.Qc2 c5 5.dxc5 O-O 6.a3 Bxc5 7.Nf3 b6 8.Bf4 Nh5
9.Bg5 Be7 10.h4 f6 11.Bd2 f5 12.O-O-O Bb7 13.e4 Nf6 14.exf5 exf5 15.Bd3 Qc8
16.Nd4 g6 17.f3 Nc6 18.Nxc6 Qxc6 19.h5 Qe6 20.hxg6 hxg6 21.Nb5 Rfc8 22.Nd4 Qe5
23.Bc3 Qg3 24.Bxf5 Qf4+ 25.Kb1 Rxc4 26.Bxg6 Rac8 27.Nf5 Bd8 28.Rxd7 Rxc3
29.Rg7+ Kf8 30.Rh8+ {#r} 1-0

[Event "Ch Poland (juniors) (under 20) (1/2 final)"]
[Site "masterchessopen.com Chotowa (Poland)"]
[Date "2007.11.04"]
[Round "2"]
[White "Leszczynski Krzysztof (POL)"]
[Black "Lubczynski Rafal (POL)"]
[Result "0-1"]
[WhiteElo "2193"]
[BlackElo "2377"]

1.d4 Nf6 2.c4 e6 3.Nc3 Bb4 4.Qc2 c5 5.dxc5 O-O 6.Nf3 Na6 7.Bg5 Nxc5 8.a3 Bxc3+
9.Qxc3 Nce4 10.Bxf6 Nxf6 11.e3 b6 12.Be2 Bb7 13.O-O Rc8 14.Rfd1 Qc7 15.Qd4
Rfd8 16.Qd6 Qxd6 17.Rxd6 Kf8 18.Rad1 Ke7 19.Ne5 Rc5 20.f4 Rc7 21.Bf3 Ne8
22.R6d4 f6 23.Nd3 Bxf3 24.gxf3 Nd6 25.b3 Nf5 26.Re4 d5 27.cxd5 Rxd5 28.Rxe6+
Kxe6 29.e4 Rd4 {#R} 0-1

[Event "Ch Poland (juniors) (under 20) (1/2 final)"]
[Site "masterchessopen.com Chotowa (Poland)"]
[Date "2007.11.09"]
[Round "7"]
[White "Gumula Daniel (POL)"]
[Black "Sygulski Boguslaw (POL)"]
[Result "0-1"]
[WhiteElo "2344"]
[BlackElo "2234"]

1.d4 Nf6 2.c4 e6 3.Nc3 Bb4 4.Qc2 c5 5.dxc5 O-O 6.a3 Bxc5 7.Nf3 b6 8.Bf4 Bb7
9.Rd1 Qc8 10.e4 d5 11.e5 Nh5 12.Bg3 dxc4 13.Be2 g6 14.Ng5 Be7 15.Nge4 Nxg3
16.hxg3 Rd8 17.Rxd8+ Qxd8 18.Qc1 Qd4 19.Ng5 Qxe5 20.Nxh7 Bxg2 21.Rh2 Bf3
22.Qh6 Nd7 23.Kf1 Bxe2+ 24.Nxe2 {#R} 0-1

[Event "It (open)"]
[Site "masterchessopen.com Liberec (Czech Republic)"]
[Date "2007.11.13"]
[Round "4"]
[White "Backmann Michael (SWE)"]
[Black "Plischki Sebastian (GER)"]
[Result "0-1"]
[WhiteElo "2140"]
[BlackElo "2357"]

1.d4 Nf6 2.c4 e6 3.Nc3 Bb4 4.Qc2 c5 5.dxc5 O-O 6.Bf4 Na6 7.a3 Bxc3+ 8.Qxc3
Nxc5 9.b4 Nce4 10.Qd4 d6 11.Rd1 Bd7 12.Bxd6 Ba4 13.Bxf8 Bxd1 14.Qxd8 Rxd8
15.Be7 Rd7 16.Bxf6 Bb3 17.e3 Rd1+ 18.Ke2 gxf6 19.Nh3 Nc3+ 20.Kf3 Bxc4 {#R} 0-1

[Event "Ch Europe (active)"]
[Site "masterchessopen.com Warsaw (Poland)"]
[Date "2007.12.16"]
[Round "12"]
[White "Bromberger Stefan (GER)"]
[Black "Sliwerski Radoslaw (POL)"]
[Result "1-0"]
[WhiteElo "2491"]
[BlackElo "2215"]

1.d4 Nf6 2.c4 e6 3.Nc3 Bb4 4.Qc2 c5 5.dxc5 O-O 6.a3 Bxc5 7.Nf3 Nc6 8.Bg5 Nd4
9.Nxd4 Bxd4 10.e3 Qa5 11.exd4 Qxg5 12.Qd2 Qxd2+ 13.Kxd2 b6 14.b4 Bb7 15.f3 d6
16.Bd3 Rfd8 17.Rhb1 Rac8 18.a4 a6 19.a5 d5 20.c5 b5 21.Nxb5 axb5 22.Bxb5 Nd7
23.a6 Ba8 24.Bxd7 Rxd7 25.b5 e5 26.b6 Bc6 27.b7 {#r} 1-0

[Event "Memorial C.Torre (knockout)"]
[Site "masterchessopen.com Merida (Mexico)"]
[Date "2007.12.21"]
[Round "3"]
[White "Ivanchuk Vassily (UKR)"]
[Black "Graf Alexander (GER)"]
[Result "1-0"]
[WhiteElo "2787"]
[BlackElo "2574"]

{ Ivanchuk Vassily (UKR) +2 =1 -0 Graf Alexander (GER) +4 =2 -0 } 1.d4 Nf6
2.c4 e6 3.Nc3 Bb4 4.Qc2 c5 5.dxc5 O-O 6.a3 Bxc5 7.Nf3 d5 ( 7...b6 8.Bf4 Bb7
9.Rd1 Nc6 10.e3 Rc8 11.Be2 Be7 12.Nb5 d5 13.Qb1 a6 14.Nc3 Na5 15.cxd5 exd5
16.Be5 Ng4 17.Bd4 Nb3 18.Ng5 Bxg5 19.Bxg4 Rc6 20.O-O Nxd4 21.Rxd4 Bf6 22.Rxd5
Qa8 23.Ne4 Bxb2 24.Qxb2 Rg6 25.Rd4 Bxe4 26.f3 Bd5 27.e4 { ...1/2-1/2,
Gustafsson Jan 2584 - Graf Alexander 2610 , Bad Koenigshofen 22. 1.2007 Ch
Germany } ) 8.cxd5 ( 8.Bg5 Be7 9.cxd5 exd5 10.e3 Nc6 11.Be2 Be6 12.O-O h6
13.Bh4 Rc8 14.Rfe1 Qc7 15.Bg3 Qd7 16.Rac1 Rfd8 17.Qa4 a6 18.h3 Qe8 19.Ne5 Nxe5
20.Bxe5 Qxa4 21.Nxa4 Rxc1 22.Rxc1 Nd7 23.Bd4 b5 24.Nc3 Bf6 25.Na2 Ne5 26.Nb4
Ra8 27.Rc7 a5 { ...1-0, Lalic Bogdan 2547 - Klyuner Vyacheslav 2425 , Germany
8.12.2002 Ch NRW (1 liga) } ) 8...exd5 ( 8...Nxd5 9.Nxd5 Qxd5 10.Ng5 g6 11.e4
Qc6 12.Bd3 Nd7 13.O-O Ne5 14.Qe2 Nxd3 15.Qxd3 Be7 16.e5 b6 17.Qh3 h5 18.Bf4
Bb7 19.Rac1 Qb5 20.Qg3 Rad8 21.Nxe6 Rd3 22.Be3 h4 23.Qg4 Bc8 24.Rxc8 Rxc8
25.Nf4 Rc4 26.e6 Rd6 27.exf7+ Kxf7 28.Qe2 { ...0-1, Krasenkow Michal 2676 -
Iordachescu Viorel 2632 , Istanbul 2003 Ch Europe } ) 9.Bg5 { = } 9...Be6 (
9...Be7 10.Rd1 Qa5 11.Qd2 Be6 12.e3 Nc6 13.Be2 h6 14.Bh4 Rfd8 15.O-O Qb6
16.Nd4 Nxd4 17.exd4 Rac8 18.f3 a6 19.Bf2 Qc6 20.Rc1 Qd7 21.Bd1 b5 22.Na2 Ne8
23.Nb4 Nd6 24.Rxc8 Qxc8 25.Nd3 Nc4 26.Qe2 Bf5 27.b3 Bxd3 28.Qxd3 Nb2 29.Qe2 {
...0-1, Savchenko Viacheslav 2418 - Klyuner Vyacheslav 2425 , Germany 5.
5.2002 Oberliga NRW (2) 2001/02 } ) 10.Rd1 ( 10.e3 h6 11.Bh4 Nc6 12.Rd1 Be7
13.Be2 Rc8 14.O-O Ne4 15.Nxe4 Bxh4 16.Nxh4 Qxh4 17.Nc5 Ne5 18.Qa4 Qxa4 19.Nxa4
Rc2 20.Rfe1 Rb8 21.f4 b5 22.Bxb5 Rxb5 23.fxe5 Rb3 24.Rc1 Rxe3 25.Rxc2 Rxe1+
26.Kf2 Rxe5 27.Rd2 Kf8 28.Nc5 Ke7 29.Rd4 Kd6 { ...0-1, Bohm Hans 2430 -
Romanishin Oleg M 2580 , Polanica Zdroj 1980 It (cat.8) } ) 10...Nbd7 (
10...Nc6 11.e3 Rc8 12.Be2 h6 13.Bh4 d4 14.O-O g5 15.Bg3 Bb6 16.Nxd4 Bxd4
17.exd4 Nxd4 18.Qd3 Nxe2+ 19.Qxe2 Qa5 20.Qf3 Qf5 21.Qxb7 a5 { 1/2-1/2,
Tomaszewski Roman 2435 - Hawelko Marek 2460 , Jachranka 1987 Ch Poland (team)
} ) 11.e3 Rc8 12.Bd3 h6 13.Bh4 { -0.07 CAP } 13...Bg4 { N } ( 13...a6 14.O-O
b5 15.Nd4 Qb6 16.Qb3 Be7 17.Bf5 Rfe8 18.Nce2 Bd6 19.Bg3 Nc5 20.Qa2 Bxg3
21.hxg3 b4 22.axb4 Qxb4 23.Nf4 Rb8 24.Rc1 Rb6 25.Rc2 Bxf5 26.Nxf5 Nb3 27.Rc3
Nd2 28.Rd1 Qxb2 29.Qxb2 Rxb2 30.Rc6 a5 31.Nxh6+ Kf8 32.Nf5 Ra8 33.Nd3 {
...1-0, Beliavsky Alexander G 2620 - Aseev Konstantin N 2520 , Odessa 1989 Ch
URS } ) 14.Bf5 Bxf5 15.Qxf5 Bxa3 16.O-O Bxb2 { ? } ( 16...g6 17.Qb1 Nb6 18.Qa2
Bd6 19.Bxf6 Qxf6 20.Qxa7 Rfd8 21.e4 Rxc3 { } ) 17.Nxd5 Qe8 18.Bxf6 Nxf6
19.Qxc8 Qxc8 20.Ne7+ Kh7 21.Nxc8 Rxc8 22.Rb1 Rc2 23.Rfd1 Ne4 24.Ne1 Re2 25.Nd3
Bf6 26.Rxb7 a5 27.Rxf7 a4 28.Ra7 Ra2 29.Nb4 Nxf2 30.Rf1 Rb2 31.Rxf2 { } {#r}
1-0

[Event "Ch PriFO"]
[Site "masterchessopen.com Kazan (Russia)"]
[Date "2008.01.23"]
[Round "1"]
[White "Akhmadeev Valery (RUS)"]
[Black "Shaposhnikov Evgeny (RUS)"]
[Result "0-1"]
[WhiteElo "2189"]
[BlackElo "2558"]

1.d4 Nf6 2.c4 e6 3.Nc3 Bb4 4.Qc2 c5 5.dxc5 O-O 6.f3 Bxc5 7.e4 Nc6 8.Bg5 Qb6
9.Nh3 Be3 10.Bxe3 Qxe3+ 11.Qe2 Qc5 12.Qf2 Qa5 13.O-O-O d5 14.exd5 exd5 15.cxd5
Nb4 16.Bc4 Bf5 17.Nf4 Rac8 18.Qd4 Nc2 19.Qe5 Rxc4 20.Qxf5 Nb4 21.Ne2 Nfxd5
22.a3 Na2+ 23.Kd2 Naxc3 24.bxc3 Re8 {#R} 0-1

[Event "Ch Lithuania (1/2 final)"]
[Site "masterchessopen.com Vilnius (Lithuania)"]
[Date "2008.02.16"]
[Round "3"]
[White "Vaznonis Vytautas (LTU)"]
[Black "Lomonosovas Vitalijus (LTU)"]
[Result "1-0"]
[WhiteElo "2386"]
[BlackElo "2121"]

1.d4 Nf6 2.c4 e6 3.Nc3 Bb4 4.Qc2 c5 5.dxc5 O-O 6.a3 Bxc5 7.Nf3 d5 8.Bg5 dxc4
9.e4 Qc7 10.Bxc4 Bxf2+ 11.Qxf2 Qxc4 12.Ne5 Qc7 13.Bxf6 {#r} 1-0

[Event "It (w)"]
[Site "masterchessopen.com Belgrade (Yugoslavia)"]
[Date "2008.03.08"]
[Round "6"]
[White "Matveeva Svetlana (RUS)"]
[Black "Chelushkina Irina (SRB)"]
[Result "1-0"]
[WhiteElo "2411"]
[BlackElo "2360"]

1.d4 Nf6 2.c4 e6 3.Nc3 Bb4 4.Qc2 c5 5.dxc5 O-O 6.a3 Bxc5 7.Nf3 b6 8.Bf4 Bb7
9.Rd1 h6 10.e3 Nh5 11.Bg3 Be7 12.Be2 Nxg3 13.hxg3 a6 14.g4 f5 15.gxf5 Rxf5
16.Nd4 Re5 17.Bf3 Qc7 18.Bxb7 Qxb7 19.f4 Rxe3+ 20.Kf2 e5 21.Nf5 exf4 22.Nxh6+
Kf8 23.Qg6 gxh6 24.Rxh6 {#r} 1-0

[Event "Bundesliga 2007/08"]
[Site "masterchessopen.com Austria"]
[Date "2008.03.14"]
[Round "9"]
[White "Markos Jan (SVK)"]
[Black "Horvath Tamas I (HUN)"]
[Result "1-0"]
[WhiteElo "2557"]
[BlackElo "2322"]

1.d4 Nf6 2.c4 e6 3.Nc3 Bb4 4.Qc2 c5 5.dxc5 O-O 6.a3 Bxc5 7.Nf3 b6 8.Bf4 Be7
9.e4 Bb7 10.Rd1 a6 11.Bd3 h6 12.e5 Nh5 13.Be3 f5 14.Be2 Bc5 15.Bxc5 bxc5
16.Qd2 Qe7 17.O-O Ra7 18.g3 Ba8 19.b4 cxb4 20.axb4 g5 21.b5 Ng7 22.b6 Rb7
23.Na4 Nc6 24.Qd6 Qf7 25.c5 g4 26.Nh4 Ne8 27.Qd2 Nxe5 28.Bxa6 Qh5 29.c6 Rxb6
30.Nxb6 Bxc6 31.Rfe1 {#r} 1-0

[Event "Ch Catalunia (juniors) (under 20)"]
[Site "masterchessopen.com Catalunia (Spain)"]
[Date "2008.03.20"]
[Round "3"]
[White "Porras Dalmau Daniel (ESP)"]
[Black "Lillo Castan Victor (ESP)"]
[Result "0-1"]
[WhiteElo "1964"]
[BlackElo "2177"]

1.d4 Nf6 2.c4 e6 3.Nc3 Bb4 4.Qc2 c5 5.dxc5 O-O 6.Nf3 Nc6 7.e3 Bxc5 8.Be2 b6
9.O-O Bb7 10.Rd1 a6 11.Nd4 Rc8 12.b3 Qc7 13.Nxc6 Bxc6 14.Bb2 Rfd8 15.Bd3 Ng4
16.g3 f5 17.Ne2 Ba8 18.Qc3 d6 19.Nf4 Ne5 20.Nxe6 Qb7 21.e4 fxe4 22.Nxd8 Rxd8
23.Be2 Rf8 24.Rf1 Qf7 25.Qe1 Nf3+ 26.Bxf3 Qxf3 27.Rd1 e3 {#R} 0-1

[Event "Ch Russia (juniors) (under 18) (g)"]
[Site "masterchessopen.com Dagomys (Russia)"]
[Round "3"]
[White "Girya Olga (RUS)"]
[Black "Korchenkova Irina (RUS)"]
[Result "1-0"]
[WhiteElo "2332"]
[BlackElo "2070"]

1.d4 Nf6 2.c4 e6 3.Nc3 Bb4 4.Qc2 c5 5.dxc5 O-O 6.g3 Na6 7.Bg2 Nxc5 8.Bd2 a5
9.a3 Bxc3 10.Bxc3 Qe7 11.Nf3 Nce4 12.Bd4 d6 13.Nd2 Nxd2 14.Qxd2 e5 15.Bc3 Qc7
16.Rd1 Ra6 17.O-O Be6 18.Rc1 Rd8 19.b4 axb4 20.Bxb4 Nd7 21.Rfd1 Nc5 22.Qe3 b6
23.Bd5 Bd7 24.Rc3 Ba4 25.Rf1 Re8 26.f4 exf4 27.Qxf4 Re7 28.Rcf3 Be8 29.Qg4 Nd7
30.Qd4 Ne5 31.Bxd6 Qxd6 32.Bxf7+ Nxf7 33.Qxd6 {#r} 1-0

[Event "It (open)"]
[Site "masterchessopen.com Zalakaros (Hungary)"]
[Date "2008.05.28"]
[Round "7"]
[White "Szabo Bence (HUN)"]
[Black "Finszter Mate (HUN)"]
[Result "1-0"]
[WhiteElo "2239"]
[BlackElo "2084"]

1.d4 Nf6 2.c4 e6 3.Nc3 Bb4 4.Qc2 c5 5.dxc5 O-O 6.a3 Bxc5 7.Nf3 b6 8.Bf4 Bb7
9.Rd1 Be7 10.e4 Nc6 11.Bd3 Nh5 12.Be3 d6 13.e5 g6 14.exd6 Bxd6 15.Nb5 e5
16.Be4 Nd4 17.Nfxd4 exd4 18.Rxd4 Bxe4 19.Qxe4 Re8 20.Qf3 f5 21.Rxd6 Qe7
22.Qd5+ Kf8 23.Rd7 Qe6 24.Qxe6 Rxe6 25.Nc7 Rae8 26.Nxe6+ Rxe6 27.O-O {#r} 1-0

[Event "Ch Finland"]
[Site "masterchessopen.com Mantta (Finland)"]
[Date "2008.06.10"]
[Round "9"]
[White "Luukkonen Tommi (FIN)"]
[Black "Nyysti Sampsa (FIN)"]
[Result "1-0"]
[WhiteElo "2312"]
[BlackElo "2369"]

1.d4 Nf6 2.c4 e6 3.Nc3 Bb4 4.Qc2 c5 5.dxc5 O-O 6.a3 Bxc5 7.Nf3 b6 8.Bf4 Bb7
9.Rd1 Nh5 10.Bd6 Bxd6 11.Rxd6 Qe7 12.Qd2 f5 13.e3 Nf6 14.Be2 Ne8 15.Rd4 d6
16.Qc2 Nc6 17.Rd2 Rc8 18.b4 a5 19.Qb3 axb4 20.axb4 d5 21.Na2 dxc4 22.Bxc4 Nc7
23.O-O Rfd8 24.Rb2 Kh8 25.h4 h6 26.h5 e5 27.g3 Nb8 28.Nh4 Qf6 29.Nc3 b5 30.Bf7
Rd3 31.Rc2 Nca6 32.Ng6+ Kh7 33.Nd5 Nc7 {#r} 1-0